00532nam a22001457a 4500008004100000020001600041040005500057080001500112100001400127245007600141260008600217300000900303490006200312650001200374230428b |||||||| |||| 00| 0 eng d a06423000933 aNational Science LibrarycNational Science Library a519.2 bL4 aBest, D J aTables for Kendall's Tau and an examination of the normal approximation aAustralia: bCommonwealth Scientific and Industrial Research Organization, c1974 a15p. aDivision of mathematical statistics technical paper v39 aScience